000 01833cam a22003011i 4500
003 SA-RiAUC
005 20250803062030.0
008 250721s1999 su g f010 0 ara c
040 _aSA-RiSAMA
_bara
_cSA-RiAUC
_erda
043 _aa-su---
050 4 _b.S28 1999
082 0 4 _a953.1025
_qSA-RiAUC
090 _a953.1025
_bس ع و
110 1 _aالسعودية.
_bالأمانة العامة للاحتفال بمرور مائة عام على تأسيس المملكة
_eمؤلف.
245 1 0 _aدليل مشاركات الجهات الحكومية بمناسبة مرور مائة عام على تأسيس المملكة العربية السعودية /
_cالأمانة العامة للاحتفال بمرور مائة عام على تأسيس المملكة العربية السعودية.
246 3 _aدليل مشاركات الجهات الحكومية بمناسبة مرور مئة عام على تأسيس المملكة العربية السعودية
246 3 _aدليل مشاركات الجهات الحكومية بمناسبة مرور 100 عام على تأسيس المملكة العربية السعودية
264 1 _aالرياض :
_bالأمانة العامة للاحتفال بمرور مائة عام على تأسيس المملكة العربية السعودية،
_c1999
300 _a144 صفحة ؛
_c24 سم.
336 _aنص
_btxt
_2rdacontent
_3كتاب
337 _aبدون وسيط
_bn
_2rdamedia
338 _aمجلد
_bnc
_2rdacarrier
490 1 _aمطبوعات دارة الملك عبد العزيز.
_aالمجموعة السعودية
651 7 _aالسعودية
_xتاريخ
_vأدلة
_2aucsh
830 2 _aإصدارات الدارة.
_pالمجموعة السعودية
942 _2ddc
_cBOOK
_n0
949 _aSA-JeALM
_d250721
_umohamedma123
_n1
999 _c10478
_d10478